000 00432nam a2200181Ia 4500
001 24277
005 20260414151032.0
008 260414t2007||||xx |||||||||||||| ||spa||
041 _aESP
082 _a345.2
_bM29
100 _aMauet, Thomas A.
_eAUT
245 0 _aEstudios de técnicas de litigación
_b
260 _c2007
300 _a181 páginas :
_c23 cm.
650 _aDER
654 _aCDE
942 _cLIB
_dJUS
_fJUS
_2ddc
_n
999 _c24277
_d24277